| 000 | 01217cam a22002295a 4500 | ||
|---|---|---|---|
| 001 | E155108 | ||
| 008 | 120302s2011 xxka es |l000 0 eng d | ||
| 035 | _a(Sirsi) u155108 | ||
| 041 | 0 | _aeng | |
| 050 | 0 | 4 | _a711.40941443 $2 0 |
| 110 | 2 |
_aGlasgow City Council _93571 |
|
| 245 | 0 | 2 |
_aA fifty year vision for the future _bfuture Glasgow 2011-2061 summary of full consultation report _h[electronic resource] |
| 260 |
_a[Glasgow] _bGlasgow City Council _c2011 |
||
| 520 | _aFuture Glasgow is a vision of what Glasgow City Council, its partners, stakeholders and the people of Glasgow would like the city to be in 2061, and how they aim to make this a reality. It provides a long term plan to guide strategy, policy, investment and action. This draft vision was based on a consultation involving 2,700 people. The full version of the city vision can be found at http://www.glasgowcityvision.com. | ||
| 650 | 2 | 4 | _aGLASGOW |
| 651 | 4 |
_aScotland _y1999- |
|
| 690 | _aURBAN PLANNING | ||
| 690 | _aURBAN RENEWAL | ||
| 690 | _aREGENERATION | ||
| 856 | 4 | 0 |
_uhttps://www.mondaq.com/x/164020/Building+Construction/Glasgow+The+Next+50+Years&email_access=on _zView the item free of charge at http://www.mondaq.com |
| 942 | _n0 | ||
| 999 |
_c113326 _d113326 |
||